00273nam a2200133Ia 4500003000400000005001700004008004100021020000800062040001700070100001600087245001500103260001200118260000900130OSt20240316104859.0170524s9999 xx 000 0 und d aNIL cIIMTU MEERUT aHill- diana 0aVagie food bMurdoch c2002